LEADER 00948nam0 2200253 450 001 000019266 005 20081113105320.0 100 $a20081113d1986----km-y0itay50------ba 101 0 $aeng 102 $aDE 105 $ay-------001yy 200 1 $aNumerical treatment of differential equations$eproceedings of the third seminar held at the Martin Luther University of Halle-Wittemberg, Halle, 20 - 24 may, 1985$fedited by K. Strehmel 210 $aLeipzig$cTeubner$d1986 215 $a204 p.$d22 cm 225 2 $aTeubner-Texte zur Mathematik$vBand 82 410 0$12001$aTeubner-Texte zur Mathematik 610 1 $aEquazioni differenziali 676 $a515.35$v20$9Analisi. Equazioni differenziali 702 1$aStrehmel,$bKarl$f<1934- > 801 0$aIT$bUNIPARTHENOPE$c20081113$gRICA$2UNIMARC 912 $a000019266 951 $aM 515.35 /18$bM 64$cDSA$d2008 996 $aNumerical treatment of differential equations$980547 997 $aUNIPARTHENOPE